| 000 | 00585nam a2200193Ia 4500 | ||
|---|---|---|---|
| 003 | GCL | ||
| 008 | 140319s9999 xx 000 0 ara d | ||
| 040 |
_aGCL / _cGCL |
||
| 082 | 0 | 4 |
_a813.087 _bز س |
| 100 | 1 | _aزين العابدين الحسينى | |
| 245 | 1 | 0 |
_aسر البرى / _cزين العابدين الحسينى |
| 700 | 1 | _aبهجت عثمان | |
| 300 | _a53 ص | ||
| 490 |
_aالهيئة العامة للاستعلامات _v0 |
||
| 650 | 0 | 4 | _aالادب العربى |
| 650 | 0 | 4 | _aالقصص العربية |
| 650 | 0 | 4 | _aقصص البطولات |
| 942 |
_2ddc _cBK |
||
| 999 |
_c47119 _d47119 |
||